الدراسات اللغوية والنحوية في مصر : (Record no. 14678)
[ view plain ]
| 000 -الفاتح | |
|---|---|
| حقل البيانات ثابتة الطول | 01409cam a22003137a 4500 |
| 003 - محدد رقم الضبط | |
| رقم الضبط | EG-ScBUE |
| 005 - وقت وتاريخ اخر تعامل مع التسجيلة | |
| رقم الضبط | 20191229104507.0 |
| 008 - عناصر البيانات ثابتة الطول - معلومات عامة | |
| حقل البيانات ثابتة الطول | 100822s1977 ua f b 000 0 ara d |
| 040 ## - مصدر الفهرسة | |
| وكالة الفهرسة الأصلية | EG-ScBUE |
| لغة الفهرسة | ara |
| قواعد الوصف | rda |
| وكالة النسخ | EG-ScBUE |
| وكالة التعديل | EG-ScBUE |
| 043 ## - رمز المنطقة الجغرافية | |
| رمز المنطقة الجغرافية | f-ua--- |
| 082 04 - رقم تصنيف ديوى العشرى | |
| رقم التصنيف | 492.7070962 |
| رقم المادة | ج ن ا |
| رقم الطبعة | 22 |
| 100 1# - المدخل الرئيسى - إسم شخصى | |
| 9 (RLIN) | 17585 |
| الإسم الشخصى | جنابي ، أحمد نصيف، |
| الدور | مؤلف. |
| 245 12 - بيان العنوان | |
| العنوان | الدراسات اللغوية والنحوية في مصر : |
| بقية العنوان | منذ نشأتها حتى نهاية القرن الرابع الهجرى / |
| بيان المسئوليه,etc | الدكتور أحمد نصيف الجنابي، المدرس بكلية الآداب، الجامعة المستنصرية، بغداد |
| 264 #1 - النشر، التوزيع | |
| مكان الناشر او الموزع | القاهرة : |
| اسم الناشر او الموزع | مكتبة دار التراث، |
| تاريخ النشر أو التوزيع | 1977. |
| 300 ## - الوصف المادى | |
| التعداد | 813 صفحة ؛ |
| أبعاد الوعاء | 24 سم |
| 336 ## - نوع المحتوى | |
| source | rdacontent |
| Carrier Type Term | نص |
| Content Type Code | txt |
| 337 ## - نوع الوسيط | |
| source | rdamedia |
| Media Type Term | بدون وسيط |
| Media Type Code | n |
| 338 ## - نوع الحامل أو الناقل | |
| source | rdacarrier |
| Carrier Type Term | مجلد |
| Carrier Type Code | nc |
| 500 ## - تبصرة عامة | |
| تبصرة عامة | ساعدت الجامعة المستنصرية على نشر هذا الكتاب. |
| 504 ## - تبصرة ببليوجرافية | |
| تبصرة ببليوجرافية,الخ | يشتمل على إرجاعات ببليوجرافية. |
| 541 ## - تبصرة المصدر المباشر للتزويد | |
| مصدر التزويد | ألف باء ؛ |
| طريقة التزويد | شراء ؛ |
| 590 ## - تبصرة محلية(RLIN) | |
| تبصرة محلية | basantemad |
| 650 #7 - المدخل الاضافى بالموضوع-مصطلح موضوعى | |
| مصطلح موضوعي أو اسم جغرافي كعنصر مدخل | اللغة العربية |
| التقسيم الفرعي العام | تعليم وتدريس |
| التقسيم الفرعي الجغرافي | مصر |
| مصدر الرأس أو المصطلح | BUEsh |
| 9 (RLIN) | 17593 |
| 650 #7 - المدخل الاضافى بالموضوع-مصطلح موضوعى | |
| مصطلح موضوعي أو اسم جغرافي كعنصر مدخل | اللغة العربية |
| التقسيم الفرعي العام | تاريخ |
| التقسيم الفرعي الجغرافي | مصر |
| مصدر الرأس أو المصطلح | BUEsh |
| 9 (RLIN) | 17596 |
| 651 ## - المدخل الاضافى بالموضوع - اسم جغرافى | |
| مصدر الرأس أو المصطلح | BUEsh |
| 653 ## - مصطلح تكشيفى غير مقيد | |
| Resource For college | Generalities |
| Arrived date list | December2019 |
| 655 ## - مصطلح تكشيفى-نوع/شكل | |
| التقسيم الفرعي الشكلي | Reading book |
| 942 ## - عناصر المدخل الإضافي( كوها) | |
| مصدر التصنيف او مخطط الترفيف | Dewey Decimal Classification |
| Koha [default] item type | Book - Borrowing |
| حالة التراجع | حالة الفقد | مصدر التصنيف او خطة الترفيف | حالة تلف | ليس للاعارة | مجموعات كوها | المكان الدائم | المكان الحالي | موقع الترفيف | تاريخ الاكتساب | Source of acquisition | رقم الاستدعاء | الباركود | Date last seen | نوع الوعاء |
|---|---|---|---|---|---|---|---|---|---|---|---|---|---|---|
| Dewey Decimal Classification | Alef-Baa | Central Library | Central Library | Second Floor | 22/08/2010 | Purchase | 418.20962 ج ن ا | 000021724 | 15/07/2025 | Book - Borrowing |